[Event "USA-ch (Women)"]
[Site "Saint Louis"]
[Date "2009.10.13"]
[Round "9"]
[White "Baginskaite, Camilla"]
[Black "Foisor, Sabina Francesca"]
[Result "1-0"]
[WhiteElo "2317"]
[BlackElo "2320"]
[Annotator "Finegold,B"]
[PlyCount "105"]
[EventDate "2009.10.04"]
[EventType "tourn"]
[EventRounds "9"]
[EventCountry "USA"]
[EventCategory "2"]
[SourceTitle "CBM 132 Extra"]
[Source "ChessBase"]
[SourceDate "2009.11.03"]
[SourceVersion "1"]
[SourceVersionDate "2009.11.03"]
[SourceQuality "1"]

1. d4 d5 2. c4 c6 3. Nc3 Nf6 4. e3 a6 5. Qc2 g6 {The a6 Slav is very popular
nowadays. Black could also choose 5...b5!? but the text move is also quite
popular.} 6. Bd3 {Preventing 6...Bf5} Bg7 7. Nf3 O-O 8. O-O Bg4 9. Ne5 Be6 {
When looking at this game in my database, I was shocked to find 100 examples
of this position! Now, I thought Camilla played a very commital move, but, it
turns out to be the most common at the GM level, and scores 70%! For someone
who did not bring her computer, she certainly knows her stuff!} 10. c5 Nfd7 {
I expected this move, but, 10...Nbd7 is more common, and, was once played by
Gary Kasparov.} 11. Nxd7 Nxd7 12. b4 {The most popular, but, visiting GM
Pascal Charbonneau actually lost to 12.Bd2 in 2004, against Moiseenko.} f6 13.
Bd2 {A novelty. 13.e4, 13.f4, and 13.Bb2 have all been played previously. I
like the text move as well.} Bf7 14. f4 e5 15. f5 e4 16. Be2 {Excellent play
by both players. White would like the kingside closed, so she can use her
space advantage on the queenside. Black tries to force play and open up the
kingside.} gxf5 17. Bd1 $5 {During the live commentary, I expected this move,
thinking white would want to play Ne2-f4. Rybka prefers the pedestrian 17.Rxf5.
} Bh6 18. Ne2 Kh8 19. Kh1 Rg8 20. Ng3 {White wants to play Nxf5, but, Foisor
has other ideas, and plays an interesting exchange sacrifice.} Rxg3 $5 21. hxg3
Qc7 22. g4 {Jen and I thought white may give back the exchange with 22.Rf4!?
but, instead, Camilla plays a move Jen liked, that I had not considered. Rybka,
of course agrees that 22.g4 is best.} Qg3 {Jen and I both thought black had
excellent compensation for the exchange.} 23. Rxf5 Bg6 24. Rf1 Bxe3 25. Bxe3
Qxe3 26. Qf2 Qc3 ({Sabina should have tried the equalish endgame after...} 
26... Qxf2 27. Rxf2 Kg7 {Instead, she keeps the queens on, and black has
trouble defending her king in the end. A difficult decision.}) 27. Be2 Re8 28.
Rac1 Qa3 29. Qf4 Re7 {White was in time trouble here, and Sabina, although
having 20-25 minutes left at this point, makes some mistakes. Now white can
enter the queenside effectively with 30.Qc7! but, with the clock ticking, her
main concern was to make the time control! Camilla only had about 7 minutes
left at this point.} 30. Rce1 Rf7 31. g5 f5 $1 32. g3 Qxb4 33. Qe3 Nf8 34. Rb1
Qa4 35. Bd1 Qxa2 36. Bb3 Qa5 37. g4 Qc7 38. gxf5 Bxf5 39. Bd1 Be6 $5 {The
bishop is poorly placed on e6. Black is still doing fine, but, white is able
to make the time control!} 40. Bh5 Ng6 41. Rf6 $1 {Now Camilla thought she had
a big advantage. It was now clear, as Krush had lost her game to Abrahamyan,
that a draw would secure clear second, but, Camilla said she wanted to win the
game now, as she felt comfortable here, and that black had little
counter-chances. Rybka likes white's position after the excellent 41.Rf6.} Rxf6
42. gxf6 Kg8 43. Qh6 Qf7 44. Rg1 Bf5 $2 {I thought black had to play 44...Qc8
here, but, I felt white was already close to winning. Rybka thinks black can
defend, but, in a tournament game, this seems unlikely, as black has to watch
out for mate, the g6 knight, and the b7 pawn.} 45. Qg5 Bh3 46. Qg3 ({In the
commentary room, we all thought...} 46. Bxg6 hxg6 47. Qh5 {was winning for
white... but, we all overlooked the computer move...} Bf5 $1 {and black is
better!} 48. Qxf5 $4 Qh7+) 46... Bf5 47. Qb8+ Qf8 48. Qe5 $1 Qc8 49. Rg5 Be6
50. Bxg6 hxg6 51. Rxg6+ Kf8 52. Qd6+ Kf7 53. Rg7+ (53. Rg7+ Kxf6 54. Qe5#) 1-0

[Event "San Francisco"]
[Site "San Francisco"]
[Date "1991.??.??"]
[Round "5"]
[White "Ftacnik, Lubomir"]
[Black "Torre, Eugenio"]
[Result "0-1"]
[WhiteElo "2590"]
[BlackElo "2530"]
[Annotator "Ftacnik,L"]
[PlyCount "94"]
[EventDate "1991.03.??"]
[EventType "tourn"]
[EventRounds "11"]
[EventCountry "USA"]
[EventCategory "12"]
[SourceTitle "CBM 023"]
[Source "ChessBase"]
[SourceDate "1991.08.01"]
[SourceVersion "1"]
[SourceVersionDate "1991.08.01"]
[SourceQuality "1"]

1. d4 d5 2. c4 c6 3. Nc3 Nf6 4. e3 Bg4 5. f3 Bf5 6. cxd5 cxd5 7. Qb3 Bc8 8.
Bb5+ Nc6 9. Nge2 e6 10. e4 Be7 11. Bg5 a6 $5 (11... h6 12. Bxf6 Bxf6 13. exd5
exd5 14. Qxd5 $16) (11... O-O 12. e5 Nd7 13. Bxe7 Qxe7 14. O-O $14) (11... dxe4
12. fxe4 O-O 13. Rd1 $14) 12. Bxc6+ (12. e5 $6 axb5 13. exf6 gxf6 14. Bf4 b4
$17) (12. exd5 axb5 $1 13. dxc6 bxc6 14. O-O Ba6 $15) 12... bxc6 13. Rc1 (13.
O-O a5 14. e5 Nd7 15. Bxe7 Qxe7 16. Rfe1 $10) 13... a5 $1 14. e5 (14. Na4 dxe4
15. Bxf6 Bxf6 16. fxe4 Bxd4 17. Nxd4 (17. Rd1 Qh4+) 17... Qxd4 18. Rc4 Qe5 $1
$17) 14... Nd7 15. Bxe7 Qxe7 16. Na4 $2 (16. O-O $5 Ba6 17. Rfe1 c5 18. Qa3
Bxe2 19. Nxe2 c4 20. Qxe7+ Kxe7 21. b3 Nb6 22. Nc3 $10) 16... Ba6 (16... Qb4+
17. Qxb4 axb4 18. b3 Ba6 19. Rxc6 Bb5 20. Rc2 Bxa4 21. bxa4 Rxa4 22. Nc1 $10)
17. Rxc6 (17. Nc5 Bc4 18. Qb7 Rb8 19. Qxd7+ Qxd7 20. Nxd7 Rxb2 $1 $17) (17. Qe3
Qb4+ 18. Nec3 c5 $1) 17... O-O $1 18. Rd6 (18. Nc5 Nxc5 19. Rxc5 Rfc8 $1 20.
Qe3 (20. Rxc8+ Rxc8 $17) 20... Rxc5 21. dxc5 Rc8 22. Kd2 Rxc5 23. Nd4 Qb7 $40)
(18. Nac3 Rfb8 19. Qc2 Qb4 20. O-O (20. b3 Bxe2 21. Qxe2 Qxd4) 20... Qxb2 $17)
(18. Rc7 Qg5 $1 19. g3 Nxe5 $1 20. dxe5 Bxe2 $17) 18... Qg5 $1 (18... f6 19.
Rxd7 Qxd7 20. Nb6 Qc6 21. Nxa8 $13) (18... Bc4 19. Qe3 $1) 19. Qd1 $8 (19. Rxd7
Qxg2 (19... Bxe2 20. Kf2 Rab8 21. Qe3 Qxe3+ 22. Kxe3 Bb5 23. Nc5 Bxd7 24. Nxd7
Rxb2 25. Nxf8 Kxf8 $17) 20. Ng3 Rfc8 21. Nc3 Rab8 22. Qd1 Rxb2 $19) (19. Nac3
Qxg2 20. Rg1 Qxh2 21. Rxd7 Rfc8 $1 22. Qd1 (22. Rg4 h5 23. Rg5 Rxc3 24. Nxc3
Qh4+ $19) 22... Rxc3 23. bxc3 Bxe2 24. Rxg7+ Kxg7 25. Qxe2 Qg1+ 26. Kd2 (26.
Qf1 Qe3+ $19) 26... Rb8 $19) (19. Rxa6 Rxa6 20. Qb7 Nb8 21. Nc5 Rc6 22. Nd7 Rc2
$1 $19) 19... Nxe5 $1 (19... Qxg2 20. Rf1 $1 Rfd8 21. Rf2 $13) 20. dxe5 (20.
Rxa6 Qxg2 $1 21. Rf1 Nxf3+ 22. Rxf3 Qxf3 23. Rxa8 Rxa8 $19) 20... Bxe2 21. Qxe2
(21. Kxe2 Qxe5+ $19) 21... Qh4+ 22. g3 (22. Qf2 Qxa4 23. b3 Qf4 $1) 22... Qxa4
23. b3 Qd4 (23... Qb4+ 24. Qd2 Rfc8 25. Ke2 $17) 24. Kf1 a4 25. Kg2 axb3 26.
axb3 h6 $1 27. Rb1 (27. Rd1 Qb4 28. Rd3 Ra3 29. Qc2 Rfa8 (29... Rb8 $5) 30. Qc7
Ra2+ 31. Kh3 Qe1 $19) 27... Rfb8 28. f4 (28. Rc6 Ra3 29. b4 Rd3) 28... Ra3 29.
Qc2 Rba8 $1 (29... Qb4 30. Rc6) 30. Kh3 (30. Rb2 g5 $5 $40) 30... Ra2 31. Rd8+
$8 Rxd8 32. Qxa2 Rc8 33. Qe2 $138 (33. Rb2 Qe4 $1 (33... Rc3 34. Qa4 $1 Rxg3+
35. hxg3 Qxb2 36. Qe8+ $10) 34. Qa4 (34. b4 Rc3 35. b5 Qxf4 36. b6 Qf1+ $19)
34... Qf5+ 35. Kg2 Rc3 36. Rf2 h5 $1 $40) 33... Rc3 34. Ra1 $2 (34. Kg2 Re3 35.
Qc2 Rd3 36. Rb2 Qe4+ 37. Kh3 Qf5+ 38. Kg2 h5 $1) 34... Qxf4 $1 35. Rf1 (35. Qb5
Qf5+ 36. Kg2 Rc2+ $19) 35... Qd4 36. Qb5 (36. Qh5 g6 37. Qxh6 Qxe5 $19) 36...
Qxe5 37. Qe8+ Kh7 38. Qxf7 (38. Rxf7 Qh5+ 39. Kg2 Rc2+ $19) 38... Rxb3 39. Rf4
(39. Qe8 Rb8 $1) 39... Rc3 40. Rg4 Rc8 (40... Qf6 $19) 41. Qg6+ Kh8 (41... Kg8
42. Qxh6) 42. Rf4 Rd8 43. Kg2 Kg8 $1 44. Qf7+ (44. h4 Rf8 $1) 44... Kh7 45. h4
d4 46. g4 Rc8 (46... d3 47. g5 $1) 47. Rf2 (47. g5 Qe2+ 48. Rf2 Qg4+ $19) 47...
Rc3 {Ftacnik,L} 0-1

[Event "Linares 10th"]
[Site "Linares"]
[Date "1992.??.??"]
[Round "11"]
[White "Karpov, Anatoly"]
[Black "Bareev, Evgeny"]
[Result "0-1"]
[WhiteElo "2725"]
[BlackElo "2635"]
[Annotator "Ftacnik,L"]
[PlyCount "114"]
[EventDate "1992.02.??"]
[EventType "tourn"]
[EventRounds "13"]
[EventCountry "ESP"]
[EventCategory "17"]
[SourceTitle "CBM 028"]
[Source "ChessBase"]
[SourceDate "1992.06.01"]
[SourceVersion "1"]
[SourceVersionDate "1992.06.01"]
[SourceQuality "1"]

1. d4 {Hertneck} d5 2. c4 c6 3. Nc3 e5 4. dxe5 d4 5. Ne4 Qa5+ 6. Nd2 Nd7 (6...
Nh6 {Hertneck} 7. Ngf3 Nf5 8. g3 Ne3 9. fxe3 dxe3 10. a3 $1 {+/=/+/- Beliavsky,
A-Gelfand,B, Linares 1992}) 7. e6 fxe6 8. g3 e5 9. Bg2 Ngf6 10. Ngf3 Be7 11.
O-O Qc7 (11... O-O {Hertneck +/= ECO}) 12. Qc2 O-O 13. b3 {/\ 14.Bb2, Tae1, e3}
(13. Ng5 $6 Nc5 14. b4 h6 $10 (14... Ne6 {Hertneck} 15. Nxe6 Bxe6 16. a3 $13))
13... Re8 (13... Nc5 $5 14. Bb2 g6 $1 $10) 14. Bb2 Bf8 15. Ng5 (15. e3 d3 16.
Qc3 e4 17. Ng5 Nc5 18. f3 exf3 19. Rxf3 Bd6 $10) 15... Nc5 16. h3 {Weiss engt
die Möglichkeiten des Bc8 ein, er lässt ihn im folgenden nicht nach f5.
Typisch Karpov.} (16. Nde4 Ncxe4 17. Nxe4 Qf7 $10) 16... g6 17. g4 Bg7 $2 (
17... Ne6 18. Nxe6 Bxe6 19. Ne4 Bg7 $10) 18. Nde4 $6 (18. e3 dxe3 (18... d3 19.
Qd1 $1 $16) 19. fxe3 Bh6 20. Rxf6 Bxg5 21. Rxg6+ $1 $16) 18... Nfxe4 19. Nxe4
Ne6 20. b4 (20. e3 {Hertneck}) 20... Nf4 21. e3 Nxg2 22. Kxg2 a5 23. a3 Rf8 $6
(23... Qe7 24. c5 Be6 25. Nd6 Rf8 $17) 24. Rad1 $2 (24. f3 $1) 24... axb4 25.
axb4 dxe3 26. f3 (26. fxe3 Rxf1 27. Rxf1 Qe7 28. c5 Be6 $40) 26... Qe7 27. Bc1
Bh6 28. Rde1 Be6 $1 (28... Qxb4 29. g5 Bg7 30. Bxe3 $15) 29. Bxe3 Bxe3 30. Rxe3
Qxb4 31. Rb1 Qe7 32. Nf2 Qf7 33. Qb2 (33. Nd3 e4 34. fxe4 Bxc4 35. Ne5 Ra2 36.
Qxa2 Bf1+ $1 $19) 33... Bxc4 34. Qxb7 Qf4 35. Qxc6 $1 Qxe3 36. Qxc4+ Kh8 37.
Rb3 Qd2 38. Qc5 Rae8 39. Rd3 Qf4 40. Qc3 $2 (40. Re3 $5) 40... Rc8 41. Qb2 Rc4
$3 (41... Rc7 42. Qe2 Rfc8 43. Rd5 $132) 42. Qe2 h5 $1 43. Ne4 h4 44. Re3 Rfc8
45. Qf2 Rc2 46. Re2 Rxe2 47. Qxe2 Kg7 48. Qf2 Qc1 49. Qxh4 Rc2+ 50. Nf2 g5 51.
Qg3 Qe1 52. h4 Kg6 $6 (52... Kf6 $1) 53. hxg5 (53. f4 $5 Rc3 54. Qh2 Qe2 55.
f5+ Kf7 56. hxg5 Qf3+ $19) 53... Kxg5 54. f4+ exf4 55. Qf3 Rd2 56. Kh3 Qf1+ 57.
Qg2 Rxf2 0-1

[Event "Helsinki op"]
[Site "Helsinki"]
[Date "1992.??.??"]
[Round "3"]
[White "Gulko, Boris F"]
[Black "Shcherbakov, Ruslan"]
[Result "1-0"]
[WhiteElo "2610"]
[BlackElo "2530"]
[Annotator "Ftacnik,L"]
[PlyCount "68"]
[EventDate "1992.09.??"]
[EventType "swiss"]
[EventRounds "9"]
[EventCountry "FIN"]
[SourceTitle "CBM 032"]
[Source "ChessBase"]
[SourceDate "1993.02.01"]
[SourceVersion "1"]
[SourceVersionDate "1993.02.01"]
[SourceQuality "1"]

1. d4 d5 2. c4 c6 3. cxd5 cxd5 4. Bf4 Qb6 5. Nc3 Nf6 6. Rc1 (6. e3 Qxb2 7. Bb5+
Bd7 $1 (7... Nc6 $6 8. Nge2 Qa3 9. Ba4 $1 $36 {Seirawan,Y-Dreev,A/Reykjavik/
1990/}) 8. Bxd7+ Nbxd7 9. Nge2 Qa3 10. O-O a6 11. Rb1 b6 $1 $10 {Rodriguez,
O-Dreev,A/Logrono/1991/}) 6... Bd7 $1 $146 (6... Nc6 7. e3 Qxb2 8. Bd3 Bg4 9.
Nge2 Bxe2 10. Bxe2 e5 11. dxe5 Bb4 12. O-O Bxc3 13. exf6 Bxf6 14. Bf3 $16 {
Gulko,B-Dvoretsky,A/Vilnius/1978/}) 7. e3 (7. Qd2 Ne4 8. Nxe4 dxe4 $13) 7...
Qxb2 8. Bd3 e6 9. Nge2 (9. Nf3 Bb4) 9... Qa3 $1 10. O-O a6 11. Be5 $1 (11. e4
dxe4 12. Nxe4 Nd5 $1 $17) (11. Rb1 b5 12. Bc7 Bc6 13. Rb3 Qe7 $17) (11. Nb1 $6
Qb4 $1 12. a3 Qb6 13. Nec3 Bd6 $15 {Gleizerov-Filipenko/RSFSR ch Kursk/1987/})
11... Be7 (11... Nc6 12. Bxf6 gxf6 13. e4 dxe4 14. Bxe4 $36) (11... Bc6 12.
Bxf6 gxf6 13. e4 dxe4 14. Bxe4 $44) 12. e4 Bc6 (12... dxe4 13. Nxe4 Nc6 14. Rc3
Qa5 15. Nd6+ $13) (12... Nc6 13. Bxf6 Bxf6 14. exd5 Nxd4 15. Ne4 Nxe2+ 16. Qxe2
Be7 17. Rc7 $40) 13. exd5 exd5 14. Ng3 (14. Bxf6 Bxf6 15. Nf4 O-O 16. Ncxd5 Qd6
(16... Nd7 $2 17. Rc3 Qd6 18. Bxh7+ Kxh7 19. Qh5+ Kg8 20. Rh3 $18) 17. Nxf6+
Qxf6 18. Qd2 $14) 14... Nbd7 $1 (14... O-O 15. Nf5 Re8 16. Nb1 $1 Qb4 17. a3
Qb6 18. Nxe7+ Rxe7 19. Bxf6 gxf6 20. Qg4+ $18) 15. Nf5 g6 (15... O-O $2 16. Nb1
$18) 16. Nb1 Qa4 17. Nd6+ Kf8 (17... Bxd6 18. Bc2 Qa5 19. Bxd6 $44) 18. Qxa4
Bxa4 19. Nxb7 Nxe5 20. dxe5 Nd7 21. f4 Ra7 (21... Kg7 22. Nc3 Bc6 23. Na5 $16)
22. Nd6 Kg7 23. Nc3 Bc6 24. Ne2 Bb5 (24... Ba4 25. Nd4 $16) 25. Nxb5 axb5 26.
Bxb5 Nc5 (26... Rxa2 27. Nc3 Ra7 28. Nxd5 $16) 27. f5 $1 gxf5 (27... Bg5 28.
f6+ Kh6 29. Rc3 Bd2 30. Rh3+ Kg5 31. Nd4 $18) 28. Ng3 Rb8 29. Nxf5+ Kf8 30.
Nxe7 Rxb5 31. Nxd5 Kg7 (31... Nd3 32. Rc8+ Kg7 33. Nf6 Nxe5 34. Rg8+ Kh6 35. h4
$1 $18) 32. Rc4 Ra4 33. Ne3 Rxa2 34. Nf5+ Kg6 $138 (34... Kg6 35. Rg4+ Kh5 36.
Rg7 $18) 1-0

[Event "Beijing FIDE GP"]
[Site "Beijing"]
[Date "2013.07.07"]
[Round "4"]
[White "Mamedyarov, Shakhriyar"]
[Black "Wang, Hao"]
[Result "1-0"]
[WhiteElo "2761"]
[BlackElo "2752"]
[Annotator "Ftacnik,L"]
[PlyCount "73"]
[EventDate "2013.07.04"]
[EventType "tourn"]
[EventRounds "11"]
[EventCountry "CHN"]
[EventCategory "21"]
[SourceTitle "CBM 156"]
[Source "ChessBase"]
[SourceDate "2013.09.17"]
[SourceVersion "1"]
[SourceVersionDate "2013.09.17"]
[SourceQuality "1"]

1. d4 d5 2. c4 c6 3. Nc3 dxc4 4. e3 b5 5. a4 {Modern chess theory often takes
some unexpected forms and turns. Black players have been trying to prove of
late that the chances for equality are alive even in the event of early, risky
play with pawns.} b4 6. Ne4 Qd5 7. Ng3 Nf6 8. Be2 e6 {Wang hao has found
himself at the first real crossroads in this modern variation. It is hard do
decide, if the future will not proclaim the fighting move 8...Ba6 to be more
promising.} (8... Ba6 9. e4 (9. Nf3 e6 10. O-O Be7 11. Bd2 O-O 12. Ne5 Nfd7 13.
f4 Nxe5 14. fxe5 Nd7 15. Rf4 Rad8 16. Bf3 Qa5 17. Rc1 c5 {0-1 (44) Mamedyarov,
S (2753)-Khairullin,I (2658) Khanty-Mansiysk 2013}) 9... Nxe4 (9... Qa5 10. Nf3
e6 11. Ne5 c3 12. bxc3 bxc3 13. O-O Be7 14. Bxa6 Qxa6 15. Qb3 O-O 16. Qxc3 Rc8
17. Bg5 c5 18. d5 exd5 19. exd5 Bf8 20. Rfd1 $14 {1/2 (22) Khairullin,I (2658)
-Nguyen,N (2625) Khanty-Mansiysk 2013}) 10. Bf3 f5 11. N1e2 Qf7 (11... g6 12.
Nf4 Qf7 13. Nxe4 (13. O-O Ng5 14. d5 Bg7 (14... Bb7 15. Re1 Nxf3+ 16. Qxf3 cxd5
17. Ne6 Nd7 18. Nc7+ Kd8 19. Ne6+ Ke8 $11 {1/2 (98) Pashikian,A (2607)
-Grigoryan,A (2599) Yerevan 2013}) 15. dxc6 Nxf3+ 16. Qxf3 O-O 17. c7 Nd7 18.
Qc6 e5 19. Rd1 exf4 20. Rxd7 Qf6 21. Qd5+ Kh8 22. Bxf4 $14 {1-0 (54)
Gustafsson,J (2633)-Balogh,C (2662) Porto Carras 2011}) 13... fxe4 14. Bg4 h5
15. Be6 Qf6 16. Bh3 c3 17. Ne6 cxb2 18. Bxb2 e3 19. Qf3 g5 20. Nc7+ Kd8 21.
Ne6+ Ke8 22. Bf5 Bc8 {0-1 (48) Yu,Y (2672)-Balogh,C (2643) Ningbo 2011} 23. d5
$1 Qxb2 24. Bg6+ Kd7 25. O-O $18) 12. Nxe4 fxe4 13. Bxe4 e6 14. Bf4 Be7 15.
Bxb8 Rxb8 16. Bxc6+ Kf8 17. O-O Bd6 18. Ng3 h5 19. Ne4 Qc7 20. Qf3+ Kg8 21. d5
$11 {1/2 (27) Wojtaszek,R (2734)-Korobov,A (2702) Czechia 2012}) 9. e4 $5 Nxe4
{If some fans are having a hard time wondering about every other move, they
should reserve more energy for Black's adventures. White had excellent reasons
to try imprinting the character of a sharp shootout to the play. Black on the
other hand has to be very careful due to his neglected development.} (9... Qa5
10. Bxc4 Ba6 11. Bxa6 Qxa6 (11... Nxa6 12. Nf3 Be7 13. Ne5 (13. O-O O-O 14. Ne5
Rac8 15. Bf4 Qb6 16. Nc4 Qb7 17. Bd6 Rfd8 18. e5 Ne8 19. Ne4 c5 20. Qf3 $18 {
1-0 (32) Delchev,A (2621)-Guramishvili,S (2319) Zaragoza 2010}) 13... Rc8 14.
Nc4 Qd8 15. e5 Nd5 16. Qg4 Kf8 17. O-O h5 18. Nxh5 g6 19. Ng3 c5 20. Ne4 cxd4
21. Ncd6 $14 {1-0 (33) Jankovic,A (2584)-Ortega,L (2475) Rome 2011}) 12. Bg5
Nbd7 13. Qe2 Qxe2+ 14. Kxe2 c5 15. Nf3 h5 16. h4 cxd4 17. Nxd4 a6 18. f3 Bd6
19. Nf1 O-O 20. Nd2 Rfc8 $11 {0-1 (54) Lysyj,I (2656)-Ernst,S (2578) Plovdiv
2012}) 10. Bf3 f5 11. Qe2 (11. N1e2 Bd6 12. O-O (12. Nf4 Bxf4 13. Bxf4 Nd7 14.
Bxe4 fxe4 15. O-O O-O 16. Be3 e5 17. Re1 exd4 18. Bxd4 c5 19. Be3 Bb7 $17 {
0-1 (54) Salem,A (2531)-Popov,I (2632) Khanty-Mansiysk 2013}) 12... Nd7 13. Nf4
Bxf4 14. Bxf4 O-O 15. Re1 Ndf6 16. Be5 Qd7 17. Bxe4 Nxe4 18. Nxe4 fxe4 19. Rxe4
$14 {1/2 (50) Sjugirov,S (2625)-Popov,I (2609) Tyumen 2012}) 11... c3 {The
Chinese superstar is trying to keep in step withhis opponent's very sharp play.
To my taste his approach involves too many pawn moves.} (11... Nxg3 12. hxg3
Qxd4 13. Bf4 Be7 (13... c3 14. Rd1 cxb2 15. Be5 Qc5 16. Bh5+ g6 17. Bxh8 $16)
14. Rd1 Qb6 15. Bh5+ Kf8 16. Nf3 Na6 17. Ne5 Nc5 18. Nxc4 Qa6 19. Bf3 (19. Bd6
$1 Bxd6 20. Rxd6 Ke7 21. Bf3 $18) 19... Qxa4 20. Ne5 Ba6 21. Qd2 Rc8 22. Bg5
Bxg5 23. Qxg5 Qa5 24. Ng6+ hxg6 25. Rxh8+ Kf7 26. Rxc8 Bxc8 $11 {1-0 (33)
Borovikov,V (2539)-Dehmel,J (2061) Germany 2012}) 12. Nxe4 fxe4 13. Bxe4 Qb3 {
It is hard to believe, that Black was playing extempore. The conflict is so
sharp that it was most likely analysed at home in the preparation phase. From
the point of view of an independent observer more attention should have been
given to the line 13...Qxd4.} (13... Qxd4 14. Nf3 Qc5 15. Be3 (15. Ng5 cxb2 16.
Qxb2 Qc3+ 17. Qxc3 bxc3 18. Nxh7 Bb4 19. Bf4 $11) 15... cxb2 16. Qxb2 Qc3+ 17.
Qxc3 bxc3 18. Bd4 Bb4 19. Rc1 O-O 20. O-O $14) 14. Bd3 Ba6 $1 {Black has to
defend with a great imagination. Even after the transfer to middlegame his
position will remain difficult.} (14... Be7 $2 15. Bc4 Ba6 16. Bxb3 Bxe2 17.
Kxe2 $18) 15. Bxa6 Nxa6 16. Qxa6 cxb2 17. Qxc6+ Kf7 (17... Ke7 18. Bxb2 Qxb2
19. Rc1 Rd8 20. Nf3 Kf6 21. O-O $18) 18. Bxb2 Qxb2 19. Rc1 b3 {Already the
choice of continuation was a very difficult problem. Black is not able to
enhance his counterplay and at the same time complete the development of his
own pieces.} (19... Bd6 20. Nf3 Rhe8 21. O-O Rad8 22. Ng5+ Kg8 23. Qc4 h6 24.
Rc2 Qxd4 25. Qxd4 Bxh2+ 26. Kxh2 Rxd4 27. Nf3 $16) 20. Qb7+ Be7 (20... Kg8 21.
Ne2 Rd8 22. Qe4 Bb4+ 23. Kf1 h5 24. Qxe6+ Kh7 25. Qe4+ Kg8 26. Qe6+ Kh7 27.
Qf5+ Kg8 28. Rb1 $16) 21. Qf3+ $1 {The joy of chess is an expression used for
the phase of the game, when one of the sides can enjoy looking for the good
lines. Especially in cases, when chess logic indicates that pleasant choices
are present.} Kg6 (21... Bf6 22. Rc7+ $1 Kg6 23. Qd3+ Kh6 24. g4 $18) 22. Ne2
Rhf8 23. Qe4+ {Mamedyarov is most likely working hard on improving his
strategical understanding of the chess fight. The tactical line with check of
the knight to f4 was relatively easy, but he might have not liked the fact,
that the rook on h1 would not be in play for a while.} (23. Nf4+ $1 Rxf4 24.
Qxf4 Bb4+ 25. Kf1 Bd6 26. Qg4+ Kf7 27. Qf3+ Ke7 28. Qb7+ Kf6 29. Re1 $16) 23...
Kf7 24. O-O Rac8 25. d5 $2 {[%mdl 128] The origin of this premature advance
can be traced to the combination of youth and distinct tactical inclinations
of the player with White. A more mature and older grandmaster would have
surely invested more time on the dangerous line 25.Rfe1! with unpleasant
threats to the black king. Without the help of the black queen the defence of
the e6-square would not have been easy at all.} (25. Rfe1 $1 Qa3 (25... Rxc1
26. Nxc1 Kg8 27. Nd3 Qc3 28. Rc1 b2 29. Qxe6+ Rf7 30. Rxc3 b1=Q+ 31. Ne1 $18)
26. Rb1 $16) 25... Qf6 (25... exd5 $2 26. Qxd5+ Kg6 27. g4 $18) 26. Qxh7 {
White must have been looking forward to the execution of his attacking chances.
Unfortunately he managed to underestimate the counterplay tied to the enemy's
passed pawn on the b-file.} (26. Rb1 Rb8 27. Nd4 Rb4 28. Qxe6+ Qxe6 29. dxe6+
Kf6 30. Nc6 Rb7 31. Na5 Rb6 32. Rxb3 Rxb3 33. Nxb3 Rb8 $11) 26... Rxc1 $1 27.
Nxc1 Rb8 28. Nd3 b2 (28... exd5 29. Rb1 b2 30. Qh5+ Kg8 31. Qxd5+ Kh8 $11) 29.
Rb1 Rb3 {The position has became very playbale for Wang Hao, but he might have
had problems switching gears and preparing for the fight in the position with
approximate equality.} (29... exd5 30. Qh5+ Kg8 31. Qxd5+ Kh8 32. g3 Ba3 $11)
30. g3 Bd6 $6 (30... exd5 31. Qh5+ Kg8 32. Qxd5+ Qf7 33. Qa8+ Qf8 34. Qd5+ Qf7
$11) 31. dxe6+ Ke7 (31... Qxe6 32. Rxb2 $18) (31... Kxe6 32. Qg8+ Qf7 33. Re1+
Kf6 34. Qd8+ Be7 35. Qd4+ $18) 32. Qe4 Qc3 $2 {Defence is an ungrateful task
even in cases, when one of the great motives is a striving for active
counterply. Fair chances for survival were promised by 32..g6!} (32... g6 $1
33. Qe3 Qc3 34. Qf3 Qf6 35. Qd5 Qc3 $14) 33. Qf5 (33. Qf3 Qf6 34. Qa8 Qxe6 35.
Qxa7+ Ke8 36. Qa6 $16) 33... Qf6 34. Qd5 Qc3 35. Qh5 $2 (35. Qf3 $1) 35... Kd8
$2 {We can quite openly regret the diminished level of moves towards the end
of the game. Black could have saved himself after the elimination of the
dangerous e6-pawn, but he most likely was too drained of energy.} (35... Kxe6
$1 36. Qg6+ Ke7 37. Qe4+ Kf8 38. Qf3+ Ke7 39. Qe2+ Kf6 40. Qf3+ $11) 36. Nxb2
Rxb2 37. Rd1 (37. Rd1 Rb6 (37... Rd2 38. Qg5+ $18) 38. Qf7 Kc8 39. e7 $18) 1-0